<?xml version='1.0' encoding='UTF-8'?>
  <record xmlns="http://www.loc.gov/MARC21/slim">
    <leader>00000cam a22000007i 4500</leader>
    <controlfield tag="001">ocm69064244</controlfield>
    <controlfield tag="003">OCoLC</controlfield>
    <controlfield tag="005">20250801213815.4</controlfield>
    <controlfield tag="008">960118s1776    ne            000 0 dut d</controlfield>
    <datafield tag="040" ind1=" " ind2=" ">
      <subfield code="a">NLGGC</subfield>
      <subfield code="b">dut</subfield>
      <subfield code="e">fobidrtb</subfield>
      <subfield code="c">NLGGC</subfield>
      <subfield code="d">OCLCO</subfield>
      <subfield code="d">OCLCA</subfield>
      <subfield code="d">OCLCL</subfield>
      <subfield code="d">OCLCQ</subfield>
    </datafield>
    <datafield tag="029" ind1="0" ind2=" ">
      <subfield code="a">NLGGC</subfield>
      <subfield code="b">144443309</subfield>
    </datafield>
    <datafield tag="035" ind1=" " ind2=" ">
      <subfield code="a">(OCoLC)69064244</subfield>
    </datafield>
    <datafield tag="041" ind1="1" ind2=" ">
      <subfield code="a">dut</subfield>
      <subfield code="h">ger</subfield>
    </datafield>
    <datafield tag="100" ind1="1" ind2=" ">
      <subfield code="a">Heister, Lorenz,</subfield>
      <subfield code="c">chirurg,</subfield>
      <subfield code="d">1683-1758.</subfield>
      <subfield code="1">https://id.oclc.org/worldcat/entity/E39PBJfGXHrYkx3JQxWF6qJqwC</subfield>
    </datafield>
    <datafield tag="245" ind1="1" ind2="0">
      <subfield code="a">Heelkundige onderwyzingen waarin alles ... gevonden word ... /</subfield>
      <subfield code="c">Laurens Heister ; na de laatste Hoogduitsche dr. ... in het Nederduitsch gebragt ... verm. door Hendrik Ulhoorn.</subfield>
    </datafield>
    <datafield tag="250" ind1=" " ind2=" ">
      <subfield code="a">3e dr.</subfield>
    </datafield>
    <datafield tag="260" ind1=" " ind2=" ">
      <subfield code="a">Amsteldam :</subfield>
      <subfield code="b">Isaac Buyn,</subfield>
      <subfield code="c">1776.</subfield>
    </datafield>
    <datafield tag="300" ind1=" " ind2=" ">
      <subfield code="a">2 dl. :</subfield>
      <subfield code="b">grav., portr. ;</subfield>
      <subfield code="c">in-4.</subfield>
    </datafield>
    <datafield tag="336" ind1=" " ind2=" ">
      <subfield code="a">tekst</subfield>
      <subfield code="b">txt</subfield>
      <subfield code="2">rdacontent/dut</subfield>
    </datafield>
    <datafield tag="337" ind1=" " ind2=" ">
      <subfield code="a">zonder medium</subfield>
      <subfield code="b">n</subfield>
      <subfield code="2">rdamedia/dut</subfield>
    </datafield>
    <datafield tag="338" ind1=" " ind2=" ">
      <subfield code="a">band</subfield>
      <subfield code="b">nc</subfield>
      <subfield code="2">rdacarrier/dut</subfield>
    </datafield>
    <datafield tag="500" ind1=" " ind2=" ">
      <subfield code="a">Met pltn.</subfield>
    </datafield>
    <datafield tag="530" ind1=" " ind2=" ">
      <subfield code="a">Titel is geselecteerd voor digitalisering voor de Universiteit van Amsterdam in het kader van het Google Books-project.</subfield>
    </datafield>
    <datafield tag="700" ind1="1" ind2=" ">
      <subfield code="a">Ulhoorn, Hendrik,</subfield>
      <subfield code="d">1692 ?-1749.</subfield>
      <subfield code="1">https://id.oclc.org/worldcat/entity/E39PBJycMGfJDkHwyVCwvWKDbd</subfield>
    </datafield>
    <datafield tag="758" ind1=" " ind2=" ">
      <subfield code="a">Heelkundige onderwyzingen waarin alles ... gevonden word (Text)</subfield>
      <subfield code="1">https://id.oclc.org/worldcat/entity/E39PCGHWYTpGbpbpjgW8Y4KDMd</subfield>
      <subfield code="4">https://id.oclc.org/worldcat/ontology/hasWork</subfield>
    </datafield>
    <datafield tag="776" ind1="0" ind2=" ">
      <subfield code="t">Heelkundige onderwyzingen waarin alles ... gevonden word ...</subfield>
      <subfield code="w">(NL-LeOCL)400274396</subfield>
    </datafield>
    <datafield tag="776" ind1="0" ind2=" ">
      <subfield code="t">Heelkundige onderwyzingen waarin alles ... gevonden word ...</subfield>
      <subfield code="w">(NL-LeOCL)401854337</subfield>
    </datafield>
    <datafield tag="936" ind1=" " ind2=" ">
      <subfield code="a">BATCHLOAD</subfield>
    </datafield>
  </record>